Effektivnoje ispoľzovanije elektroenergii = Efficient electricity use /

Enregistré dans:
Détails bibliographiques
Autres auteurs: Smith, Craig, B (Compilateur)
Format: Livre
Langue:russe
Publié: Moskva : Energoizdat, 1981
Tags: Ajouter un tag
Pas de tags, Soyez le premier à ajouter un tag!

MARC

LEADER 00000nam a22000003a 4500
001 stu90280
005 20150617225627.7
008 040922s1981------------------------rus-d
040 |a STU  |b slo 
041 0 |a rus 
100 1 |a Smith, Craig, B  |4 com 
245 1 |a Effektivnoje ispoľzovanije elektroenergii = Efficient electricity use /  |c Ed. Smita, K. 
260 |a Moskva :  |b Energoizdat,  |c 1981 
300 |a 399 s 
996 |b E48323  |c E*48323  |l EE06  |s P  |a 0  |w stu90280_0001